| 000 | 02621cam a22004934i 4500 | ||
|---|---|---|---|
| 003 | PE-LiUPU | ||
| 005 | 20250731173052.0 | ||
| 008 | 180226s2016 ne a r 001 0 eng d | ||
| 020 | _a9789004301023 | ||
| 035 | _a(Sirsi) a241379 | ||
| 040 |
_aPE-LiUPU _bspa _cPE-LiUPU _erda |
||
| 049 | _aPRUA | ||
| 082 | 0 | 4 |
_a274.9406 _bC7 _221 |
| 245 | 0 | 2 |
_aA companion to the Swiss Reformation / _cedited by Amy Nelson Burnett and Emidio Campi. |
| 264 | 1 |
_aLeiden : _bBrill, _c2016. |
|
| 300 |
_axix, 661 páginas : _bilustraciones ; _c25 centímetros. |
||
| 336 |
_atext _2rdacontent |
||
| 337 |
_aunmediated _2rdamedia |
||
| 338 |
_avolume _2rdacarrier |
||
| 490 | 1 |
_aBrill's companions to the Christian tradition, _x1871-6377 ; _vVOLUME 72 |
|
| 504 | _aÍndices: páginas 618-661. | ||
| 505 | 0 | _aIntroduction / Abigail Firey -- Truth, tradition, and history : the historiography of high/late medieval and early modern The Swiss Confederation before the Reformation / Regula Schmid -- The Reformation in Zurich / Emidio Campi -- The Reformation in Bern / Martin Sallmann -- The Reformation in Basel / Amy Nelson Burnett -- The Reformation in Schaffhausen / Erich Bryner -- The Reformation in St. Gallen and Appenzell / Erich Bryner -- Failed Reformations / Sundar Henny -- The Reformation in the Three Leagues (Grisons) / Jan-Andrea Bernhard -- Francophone territories allied to the Swiss Confederation / Michael W. Bruening -- The Swiss Anabaptists / Andrea Strübind -- Theological profile / Emidio Campi -- Polity and worship in the Swiss Reformed churches / Bruce Gordon -- Schools and education, 1500-1600 / Karin Maag -- Swiss society : family, gender, and the poor / Kaspar von Greyerz -- Reformation culture / Irena Backus -- Religious stalemate and confessional alignments : dynamics and stagnation in the Confederation from 1531 to 1618 / Thomas Maissen. | |
| 526 | _aSEG42 | ||
| 526 | _aSEG41 | ||
| 526 | _aSEG40 | ||
| 526 | _aSEG39 | ||
| 526 | _aP94 | ||
| 526 | _aP87 | ||
| 526 | _aP86 | ||
| 526 | _aP85 | ||
| 526 | _aP77 | ||
| 526 | _aP76 | ||
| 526 | _aP35 | ||
| 650 | 0 |
_aReformation _zSwitzerland. |
|
| 650 | 0 |
_aReforma _zSuiza. |
|
| 700 | 1 |
_aBurnett, Amy Nelson, _d1957- _eeditor. |
|
| 700 | 1 |
_aCampi, Emidio, _eeditor. |
|
| 910 |
_adbm _bjpc _cjpc _d20180226 |
||
| 942 |
_2ddc _cBOOK |
||
| 994 |
_aC0 _bPEPRU |
||
| 596 | _a1 | ||
| 999 |
_a274.9406 C7 _wDEWEY _c27017 _i77030 _f2021-11-11 _g4 _lCCODEBUL1 _mBUL _p255.00 _r0 _sY _tBOOK _u2018-2-26 _xTEOLOGIA _PP35 _0DONACION _o.STAFF. Colección Teología _d27017 |
||
| 980 |
_81 _gALBERTO SANCHEZ Responsable de Automatización |
||